CRICKET QUIZ - Statistics

General Stats
  • This quiz has been taken 48 times
  • The average score is 8 of 10
Answer Stats
Question Answer % Correct
WHICH CAPTAIN HAS ALL THROPIES MS DHONI
100%
WHO IS CAPTAIN COOL MS DHONI
100%
WHO IS HITMAN ROHIT SHARMA
100%
WHO IS THE FSTEST BTSMAN TO REACH 12,000 RUNS , 13,0000 RUNS , 9,000 RUNS , 10,000 RUNS,11,000 RUNS IN ODI VIRAT KOHLI
100%
WHO IS THE GOD OF CRICKET SACHIN TENDUKKAR
88%
WHO IS THE KING OF CRICKET VIRAT KOHLI
88%
WHO IS THE BEST CRICKETER VIRAT KOHLI
88%
WHO IS THE GREATEST CAPTAIN MS DHONI
38%
who is the greatest test captain in the world VIRATKOHLI
38%
WHO IS THE BEST BATSMAN IN ODI CRICKET VIRAT KOHLI
38%
No matching quizzes found
Score Distribution
Percent of People with Each Score
Percentile by Number Answered
Your Score History
You have not taken this quiz